| 000 | 01761cam a2200409 a 4500 | ||
|---|---|---|---|
| 001 | 17170902 | ||
| 003 | NUST | ||
| 005 | 20230130141852.0 | ||
| 006 | m |o d | | ||
| 007 | cr_||||||||||| | ||
| 008 | 120217s2012 nju ob 001 0 eng | ||
| 010 | _a 2012007308 | ||
| 020 | _a9781118347577 ( ePub) | ||
| 020 | _a9781118347553 (Adobe PDF) | ||
| 020 | _a9781118347560 (MobiPocket) | ||
| 020 | _z9780470597187 (pbk.) | ||
| 040 |
_aDLC _beng _cDLC _dDLC |
||
| 042 | _apcc | ||
| 050 | 0 | 0 | _aGV1469.3 |
| 082 | 0 | 0 |
_a794.8,FEM _223 |
| 084 |
_aCOM012040 _2bisacsh |
||
| 245 | 0 | 0 |
_aGame invaders _h[electronic resource] : _bthe theory and understanding of computer games / _cClive Fencott ... [et al.]. |
| 260 |
_aHoboken, New Jersey : _bIEEE Press ; Wiley, _c2012. |
||
| 300 | _a1 online resource. | ||
| 505 | _aYou are the one (Page-3), Genre (Page-13), Activity (Page-29), Pleasure (Page-45), Two Rail-Shooters (Page-61), Why don't people play games (Page-71), Just and Ordinary day (Page-87), Big Bad Streets (Page-111), Time to visit yokosuka (Page-125), Meaning wht? (Page-139), All work and play (Page-163), Big game hunting (Page-183), | ||
| 588 | _aDescription based on print version record and CIP data provided by publisher. | ||
| 650 | 0 |
_aComputer games. _945834 |
|
| 650 | 0 |
_aComputer games _xDesign. _9108098 |
|
| 650 | 0 |
_aVideo games _9108099 |
|
| 650 | 0 |
_aVideo games _xDesign. _9108100 |
|
| 650 | 7 |
_aCOMPUTERS / Programming / Games. _2bisacsh _9108101 |
|
| 700 | 1 |
_aFencott, P. C. _9108102 |
|
| 776 | 0 | 8 |
_iPrint version: _tGame invaders _dHoboken, N.J. : Wiley, 2012 _z9780470597187 _w(DLC) 2012002566 |
| 906 |
_a7 _bcbc _corigcop _d1 _eecip _f20 _gy-gencatlg |
||
| 942 |
_2ddc _cBK _k794.8,FEM |
||
| 999 |
_c593055 _d593055 |
||